| 000 | 00430nam a2200133Ia 4500 | ||
|---|---|---|---|
| 008 | 210430s9999 xx 000 0 und d | ||
| 020 | _a0122267702 (hardcover) | 97801 | ||
| 082 | _a603 E5615 E | ||
| 245 | _aEncyclopedia of separation science, ten-volume set / | ||
| 260 |
_a[S.l.] : _bAcademic Press, _c2000 |
||
| 300 | _a4502 p. ; | ||
| 856 | _uhttp://www.amazon.com/exec/obidos/ASIN/0122267702/chopaconline-20 | ||
| 942 | _2ddc | ||
| 999 |
_c562555 _d562555 |
||